Memorie di una maitresse americana /

সংরক্ষণ করুন:
গ্রন্থ-পঞ্জীর বিবরন
প্রধান লেখক: Kimball, Nell
অন্যান্য লেখক: Longstreet, Stephen
বিন্যাস: গ্রন্থ
ভাষা:ইতালিয়
প্রকাশিত: Milano : Adelphi, 2002
মালা:Gli Adelphi
ট্যাগগুলো: ট্যাগ যুক্ত করুন
কোনো ট্যাগ নেই, প্রথমজন হিসাবে ট্যাগ করুন!

MARC

LEADER 00000nam a22000007i 4500
001 IT\ICCU\UBO\3887491
003 ItRI
005 20260115231914.0
008 110928s2002 it |||||| ||||| |||||c
020 |a 8845907473 
040 |b ita  |c importazione bologna sebina 
041 7 |a ita  |2 ISO-639-2 
100 1 |a Kimball, Nell  |0 IT\ICCU\CFIV\108116 
240 1 0 |a Her life as an American madam by herself. -  |3 IT\ICCU\CFI\0186275  |9 Kimball, Nell 
245 1 0 |a Memorie di una maitresse americana /  |c Nell Kimball ; a cura di Stephen Longstreet. 
260 |a Milano :  |b Adelphi,  |c 2002 
300 |a 400 p. ;  |c 20 cm. 
700 1 |a Longstreet, Stephen  |0 IT\ICCU\CFIV\108858 
830 4 |a Gli Adelphi  |0 IT\ICCU\RMS\2621144 
942 |2 ddc  |c BK  |n 0 
952 |0 0  |1 0  |4 0  |6 DOC_813_520000000000000_KIM  |7 0  |9 16030  |a BO  |b BO  |d 2026-01-15  |i 15593  |l 0  |o DOC 813.52 KIM  |p BO15593  |r 2026-01-15 23:19:14  |w 2026-01-15  |x [Sebina 5] [1 v.]  |y BK  |z 1 v. 
999 |c 13781  |d 13781